00549nam a22001817a 450000500170000001000150001702000320003203500140006403700130007808200080009110000180009924500850011725000100020226000430021227000850025530000240034070000030036420240219121531.0 aENG-139357 c217.00/-a978-81-928022-1-3 aEN-122889 bDBAD/PUB a500 aDeepika , CH. aPhysical Science ; Class 10/cBy CH. DeepikabStudy Material with Question Bank afirst aHyderabadbSpectrum school boolsc2018 a#326/C, Level-4, surneni Nilayam Near B.K. Guda Park S.R. Nagar Hyderabad-500038 a12. 478p.c28cm(pb)